Physics (Record no. 3013)
[ view plain ]
| 000 -LEADER | |
|---|---|
| fixed length control field | 00546nam a22002057a 4500 |
| 003 - CONTROL NUMBER IDENTIFIER | |
| control field | OSt |
| 005 - DATE AND TIME OF LATEST TRANSACTION | |
| control field | 20151203101851.0 |
| 008 - FIXED-LENGTH DATA ELEMENTS--GENERAL INFORMATION | |
| fixed length control field | 130622t xxu||||| |||| 00| 0 eng d |
| 020 ## - INTERNATIONAL STANDARD BOOK NUMBER | |
| International Standard Book Number | 1876659351 |
| 050 ## - LIBRARY OF CONGRESS CALL NUMBER | |
| Classification number | QC 21.2 |
| Item number | .K41 2001 |
| 082 ## - DEWEY DECIMAL CLASSIFICATION NUMBER | |
| Classification number | IB 530 |
| Item number | K46 2001 |
| 100 ## - MAIN ENTRY--PERSONAL NAME | |
| Personal name | Kerr, Gregg |
| 245 ## - TITLE STATEMENT | |
| Title | Physics |
| Statement of responsibility, etc | Gregg Kerr, Nancy Kerr, Paul Ruth |
| 250 ## - EDITION STATEMENT | |
| Edition statement | 2nd Ed. |
| 260 ## - PUBLICATION, DISTRIBUTION, ETC. (IMPRINT) | |
| Place of publication, distribution, etc | Victoria, Australia : |
| Name of publisher, distributor, etc | IBID Press, |
| Date of publication, distribution, etc | c2001. |
| 300 ## - PHYSICAL DESCRIPTION | |
| Extent | xviii, 803 p. |
| Other physical details | ill. (some col.) ; |
| Dimensions | 25 cm. |
| 562 ## - COPY AND VERSION IDENTIFICATION NOTE | |
| Number of copies | 1 |
| 942 ## - ADDED ENTRY ELEMENTS (KOHA) | |
| Source of classification or shelving scheme | Library of Congress Classification |
| Koha item type | Books |
| Withdrawn status | Lost status | Source of classification or shelving scheme | Damaged status | Home library | Current library | Shelving location | Date acquired | Total Checkouts | Full call number | Barcode | Date last seen | Copy number | Price effective from | Koha item type |
|---|---|---|---|---|---|---|---|---|---|---|---|---|---|---|
| Library of Congress Classification | Luxembourg Library | Luxembourg Library | International Baccalaureate Section | 06/22/2013 | QC 21.2 .K41 2001 | 14678 | 08/13/2013 | 1 | 06/22/2013 | Books |